000 00832nas a2200241 4500
001 BR8400779
003 BR-BrBNA
005 20231205085806.0
007 ta
008 230509b bl.|||p| |||| 00| 00por d
040 _aBR-BrBNA
_bpor
_cBiblioteca Nacional de Agricultura
041 _a(Pt)
072 _aF30
100 1 _aPompeu, A.S.
245 1 _aCruzamentos entre Arachis hypogaea e as especies Arachis diogoi e Arachis spp (30006, 30035)[amendoim]
246 1 _aInterspecific crosses between Arachis hypogaea and the species Arachis diogoi and Arachis spp (30006, 30035)[peanut]
650 _aAMENDOIM
650 _aCRUZAMENTO VEGETAL
650 _aVARIEDADE
773 0 _tBragantia (Brazil)
_xISSN 0006-8705
_g(1983), v. 42 p. 261-265
_wBR8400779
909 _a202311
_bLúcia
_c55
_dLúcia Elande
942 _2AGRIS
_n0
_cANA
999 _c113842
_d113842